| 000 | 00636nam a2200217Ia 4500 | ||
|---|---|---|---|
| 003 | OSt | ||
| 005 | 20250124151609.0 | ||
| 008 | 210210b1985 xxu||||| |||| 00| 0 eng d | ||
| 040 | _cAL | ||
| 041 | _aKannada | ||
| 082 | _aK894.3 YAND | ||
| 100 |
_aYANDAMURI VIRENDRANATH. _dಯಂಡಮೂರಿ ವೀರೇಂದ್ರನಾಥ್ _9195307 |
||
| 245 |
_aDuddu duddu _bದುಡ್ಡು ದುಡ್ಡು |
||
| 260 |
_aBengaluru _bHemanta Sahitya _c1985 |
||
| 300 | _a405 | ||
| 650 |
_aVamshi _9195308 |
||
| 690 |
_aKannada Fiction _9195309 |
||
| 700 |
_aVamshi. _dವಂಶಿ Tr _9195310 |
||
| 906 | _a037502 | ||
| 942 |
_2ddc _cBK |
||
| 999 |
_c87813 _d87813 |
||